Současná Evropa
| Předchozí název: |
Současná Evropa a Česká republika |
|---|---|
| Korporativní autor: | Vysoká škola ekonomická v Praze. Centrum evropských studií |
| Jazyk: | Slovenština Čeština Angličtina |
| Vydáno: |
Praha : Oeconomica, 2009-2019 |
| Témata: | |
| Externí odkaz: |
Digitalizovaný dokument
Online verze |
| Fyzický popis: |
11 svazků ; 23 cm |
| Odebírané svazky: |
14(2009)-24(2019) |
Noviny a časopisy
| LEADER | 03616nas a2200685 i 4500 | ||
|---|---|---|---|
| 001 | cps20102030371 | ||
| 003 | CZ PrNK | ||
| 005 | 20221111090215.0 | ||
| 007 | ta | ||
| 008 | 100122d20092019xr fr p 0 b0cze | ||
| 015 | |a cnb002030371 | ||
| 022 | |a 1804-1280 | ||
| 040 | |a ABA001 |b cze |d OLA001 |d BOA001 |e rda | ||
| 041 | 0 | |a cze |a slo |a eng | |
| 043 | |a e------ |a e-xr--- | ||
| 072 | 7 | |a 327 |x Mezinárodní vztahy, světová politika |2 Konspekt |9 15 | |
| 080 | |a [339.923+327](4) |2 MRF | ||
| 080 | |a 339.9 |2 MRF | ||
| 080 | |a 327 |2 MRF | ||
| 080 | |a (437.3) |2 MRF | ||
| 080 | |a (4) |2 MRF | ||
| 080 | |a (051)-027.561 |2 MRF | ||
| 210 | 0 | |a Součas. Evr. | |
| 222 | 0 | |a Současná Evropa | |
| 245 | 0 | 0 | |a Současná Evropa |
| 264 | 1 | |a Praha : |b Oeconomica, |c 2009-2019 | |
| 300 | |a 11 svazků ; |c 23 cm | ||
| 310 | |a 2x ročně | ||
| 336 | |a text |b txt |2 rdacontent | ||
| 337 | |a bez média |b n |2 rdamedia | ||
| 338 | |a svazek |b nc |2 rdacarrier | ||
| 362 | 0 | |a Roč. 14, č. 1 (2009)-roč. 24, č. 1-2 (2019) | |
| 541 | |c pv | ||
| 500 | |a Časopis připravuje Centrum evropských studií Vysoké školy ekonomické v Praze | ||
| 500 | |a Podnázev od r. 2016: vědecký časopis | ||
| 500 | |a Dostupné též v digitální podobě v aplikaci Kramerius | ||
| 610 | 2 | 7 | |a Evropská unie |7 kn20010711086 |2 czenas |
| 650 | 0 | 7 | |a evropská integrace |7 ph137464 |z Česko |2 czenas |
| 651 | 7 | |a Evropa |7 ge137210 |x mezinárodní vztahy |2 czenas | |
| 651 | 7 | |a Evropa |7 ge137210 |x hospodářské vztahy |2 czenas | |
| 655 | 7 | |a odborné časopisy |7 fd132951 |2 czenas | |
| 780 | 0 | 0 | |t Současná Evropa a Česká republika |x 1211-4073 |
| 710 | 2 | |a Vysoká škola ekonomická v Praze. |b Centrum evropských studií |7 kn20030414004 |4 isb | |
| 856 | 4 | 1 | |u http://www.digitalniknihovna.cz/mzk/uuid/uuid:c7ac7120-632f-11e8-a67a-5ef3fc9ae867 |y Digitalizovaný dokument |x NDK |
| 856 | 4 | 1 | |3 Online verze |u http://www.vse.cz/se/ |4 N |
| 910 | 2 | |a BOA001 |b 04128-1066.883 |s 14(2009)-24(2019) | |
| 990 | |a SE | ||
| 995 | |a 01 | ||
| 991 | |b 20100202 | ||
| 996 | 6 | |b 2610439314 |c 04128-1066.883 |d 2009 14 1-2 |v 14 |i 1-2 |y 2009 |l MZK |r Sklad / do 1 hodiny |n 1 |p p.v. |w 001109479 |u 000010 |a 1 |e BOA001 |j MZK50 |s P | |
| 996 | 6 | |b 2610488904 |c 04128-1066.883 |d 2010 15 1-2 |v 15 |i 1-2 |y 2010 |l MZK |r Sklad / do 1 hodiny |n 1 |p p.v. |w 001109479 |u 000070 |a 1 |e BOA001 |j MZK50 |s P | |
| 996 | 6 | |b 2610523731 |c 04128-1066.883 |d 2011 16 1-2 |v 16 |i 1-2 |y 2011 |l MZK |r Sklad / do 1 hodiny |n 1 |p p.v. |w 001109479 |u 000120 |a 1 |e BOA001 |j MZK50 |s P | |
| 996 | 6 | |b 2610565726 |c 04128-1066.883 |d 2012 17 1-2 |v 17 |i 1-2 |y 2012 |l MZK |r Sklad / do 1 hodiny |n 2 |p p.v. |w 001109479 |u 000130 |a 1 |e BOA001 |j MZK50 |s P | |
| 996 | 6 | |b 2610609115 |c 04128-1066.883 |d 2013 18 1-3 |v 18 |i 1-3 |y 2013 |l MZK |r Sklad / do 1 hodiny |n 2 |p p.v. |w 001109479 |u 000180 |a 1 |e BOA001 |j MZK50 |s P | |
| 996 | 6 | |b 2610662123 |c 04128-1066.883 |d 2014 19 1-2 |v 19 |i 1-2 |y 2014 |l MZK |r Sklad / do 1 hodiny |n 1 |p p.v. |w 001109479 |u 000220 |a 1 |e BOA001 |j MZK50 |s P | |
| 996 | 6 | |b 2610698937 |c 04128-1066.883 |d 2015 20 1-2 |v 20 |i 1-2 |y 2015 |l MZK |r Sklad / do 1 hodiny |n 1 |p p.v. |w 001109479 |u 000250 |a 1 |e BOA001 |j MZK50 |s P | |
| 996 | 6 | |b 2610733210 |c 04128-1066.883 |d 2016 21 1-2 |v 21 |i 1-2 |y 2016 |l MZK |r Sklad / do 1 hodiny |n 3 |p p.v. |w 001109479 |u 000280 |a 1 |e BOA001 |j MZK50 |s P | |
| 996 | 6 | |b 2610782713 |c 04128-1066.883 |d 2017 22 1-2 |v 22 |i 1-2 |y 2017 |l MZK |r Sklad / do 1 hodiny |n 0 |p p.v. |w 001109479 |u 000310 |a 1 |e BOA001 |j MZK50 |s P | |
| 996 | 6 | |b 2610835725 |c 04128-1066.883 |d 2018 23 1-2 |v 23 |i 1-2 |y 2018 |l MZK |r Sklad / do 1 hodiny |n 0 |p p.v. |w 001109479 |u 000290 |a 1 |e BOA001 |j MZK50 |s P | |
| 996 | 6 | |b 2610849581 |c 04128-1066.883 |d 2019 24 1-2 |v 24 |i 1-2 |y 2019 |l MZK |r Sklad / do 1 hodiny |n 0 |p p.v. |w 001109479 |u 000320 |a 1 |e BOA001 |j MZK50 |s P | |
English
Čeština 